Колыбель северских политехников; Томский политехнический. Покорение вершин

Bibliografske podrobnosti
Parent link:Томский политехнический. Покорение вершин.— 2009.— С. 79-82
Glavni avtor: Жиганов А. Н. Александр Николаевич
Jezik:ruščina
Izdano: 2009
Teme:
Format: Book Chapter
KOHA link:https://koha.lib.tpu.ru/cgi-bin/koha/opac-detail.pl?biblionumber=190620

MARC

LEADER 00000naa2a2200000 4500
001 190620
005 20231031180313.0
035 |a (RuTPU)RU\TPU\book\207778 
035 |a RU\TPU\book\207776 
090 |a 190620 
100 |a 20110126d2009 k y0rusy50 ca 
101 0 |a rus 
102 |a RU 
200 1 |a Колыбель северских политехников  |f А. Н. Жиганов 
463 0 |0 (RuTPU)RU\TPU\book\176335  |t Томский политехнический. Покорение вершин  |o сборник статей  |f Томский политехнический университет (ТПУ), Ассоциация выпускников; под ред. М. Г. Николаева  |v С. 79-82  |d 2009  |p 232 с. 
610 1 |a труды учёных ТПУ 
700 1 |a Жиганов  |b А. Н.  |g Александр Николаевич  |4 070 
801 1 |a RU  |b 63413507  |c 20110126 
801 2 |a RU  |b 63413507  |c 20110126  |g RCR 
942 |c BK